000 00993nam a2200301Ia 4500
001 1793
005 20260223142445.0
008 121119s1996 sp gr 000 f spa
020 _a8420775215
020 _a9788420775210
040 _aCO-BoRNBP
_bspa
_erda
_cCO-BoRNBP
041 1 _aspa
084 _aN SCO1
100 1 _aScott, Walter
_d1771-1832
_969116
245 1 3 _aEl talisman
_cWalter Scott ; traducción y notas, Javier Martín Lalanda ; ilustración, Edouard Frere ... [et al.]
250 _aPrimera edición
264 _aMadrid
_bAnaya
_c1996
300 _a380 páginas
_c20 cm
336 _atexto
_btxt
_2rdacontent
337 _asin mediación
_bn
_2rdamedia
338 _avolumen
_bnc
_2rdacarrier
490 0 _aTus libros. Aventuras
_v147
650 1 4 _aNovela histórica escocesa
_2LEMB
_969117
650 1 4 _aLiteratura escocesa
_2LEMB
_969118
700 1 _aLalanda, Javier Martín
_etraductor
_969119
700 1 _aEdouard Frere
_eilustrador
_969120
942 _2loc
_cBKLIT
999 _c1793
_d1793